[Event "COL-ch (Women)"]
[Site "Fusagasuga"]
[Date "2020.12.04"]
[Round "5"]
[White "Pulido, Diana Marcela"]
[Black "Orozco, Lina Yomayra"]
[Result "0-1"]
[WhiteElo "1916"]
[BlackElo "2065"]
[PlyCount "34"]
[EventDate "2020.12.01"]
[EventType "tourn"]
[EventRounds "11"]
[EventCountry "COL"]
[SourceTitle "CBM 199 Extra"]
[Source "ChessBase"]
[SourceDate "2021.01.31"]
[SourceVersion "1"]
[SourceVersionDate "2021.01.31"]
[SourceQuality "1"]

1. e4 c5 2. d3 Nc6 3. f4 g6 4. Nf3 Bg7 5. Be2 d6 6. c3 Bg4 7. Qb3 Qb6 8. Qxb6 axb6 9. Na3 Rxa3 10. bxa3 Bxc3+ 11. Bd2 Bxa1 12. 0-0 Bxf3 13. Bxf3 Bd4+ 14. Kh1 Nf6 15. Rb1 Nd7 16. Bg4 e6 17. f5 Ke7 0-1

[Event "COL-chT 21st"]
[Site "Cartagena"]
[Date "2019.11.30"]
[Round "7.3"]
[White "Pulido, Diana Marcela"]
[Black "Bolanos Calvache, Brigeth Vanessa"]
[Result "1-0"]
[WhiteElo "1936"]
[BlackElo "1668"]
[PlyCount "65"]
[EventDate "2019.11.30"]
[EventType "team-swiss"]
[EventRounds "9"]
[EventCountry "COL"]
[SourceTitle "CBM 195 Extra"]
[Source "ChessBase"]
[SourceDate "2020.05.31"]
[SourceVersion "1"]
[SourceVersionDate "2020.05.31"]
[SourceQuality "1"]
[WhiteTeam "Cudinamarca"]
[BlackTeam "Cauca"]
[WhiteTeamCountry "COL"]
[BlackTeamCountry "COL"]

1. e4 c5 2. Nc3 d6 3. g3 g6 4. Bg2 Bg7 5. d3 Nc6 6. f4 Rb8 7. Nf3 b5 8. 0-0 e6 9. Be3 b4 10. Na4 Qa5 11. c3 bxc3 12. bxc3 Bxc3 13. Nxc3 Qxc3 14. Rc1 Qa3 15. Rf2 Ba6 16. e5 d5 17. Bxc5 Qxd3 18. Qxd3 Bxd3 19. Bd6 Rb1 20. Rxb1 Bxb1 21. Rb2 Be4 22. Rb7 Nge7 23. Nd4 a6 24. Nxc6 Nxc6 25. Bxe4 dxe4 26. Rc7 Nd4 27. Rc8+ Kd7 28. Rxh8 e3 29. Kf1 e2+ 30. Ke1 Kc6 31. Rxh7 Kd5 32. Rxf7 Ke4 33. Bc5 1-0

[Event "COL-chT (Women)"]
[Site "Cartagena"]
[Date "2019.11.26"]
[Round "5.3"]
[White "Rativa Jimenez, Laura Milena"]
[Black "Pulido, Diana Marcela"]
[Result "0-1"]
[WhiteElo "1567"]
[BlackElo "1936"]
[PlyCount "44"]
[EventDate "2019.11.24"]
[EventType "team-swiss"]
[EventRounds "7"]
[EventCountry "COL"]
[SourceTitle "CBM 193 Extra"]
[Source "ChessBase"]
[SourceDate "2020.01.31"]
[SourceVersion "1"]
[SourceVersionDate "2020.01.31"]
[SourceQuality "1"]
[WhiteTeam "Boyaca (W)"]
[BlackTeam "Cundinamarca (W)"]
[WhiteTeamCountry "COL"]
[BlackTeamCountry "COL"]

1. Nf3 c5 2. g3 b6 3. Bg2 Bb7 4. c4 g6 5. Nc3 Bg7 6. 0-0 Nf6 7. d3 0-0 8. Rb1 Nc6 9. e3 Rb8 10. a3 d5 11. Qe2 e6 12. b4 dxc4 13. dxc4 Qe7 14. b5 Na5 15. e4 h6 16. Bd2 Rfd8 17. h3 Qd7 18. Bf4 Rbc8 19. Rfd1 Qe7 20. Rxd8+ Rxd8 21. Nd2 Nh5 22. Be3 Bxc3 0-1

[Event "COL-chT (Women)"]
[Site "Cartagena"]
[Date "2019.11.24"]
[Round "1.3"]
[White "Gomez Saenz, Manuela"]
[Black "Pulido, Diana Marcela"]
[Result "0-1"]
[WhiteElo "1593"]
[BlackElo "1936"]
[PlyCount "42"]
[EventDate "2019.11.24"]
[EventType "team-swiss"]
[EventRounds "7"]
[EventCountry "COL"]
[SourceTitle "CBM 193 Extra"]
[Source "ChessBase"]
[SourceDate "2020.01.31"]
[SourceVersion "1"]
[SourceVersionDate "2020.01.31"]
[SourceQuality "1"]
[WhiteTeam "Caldas (W)"]
[BlackTeam "Cundinamarca (W)"]
[WhiteTeamCountry "COL"]
[BlackTeamCountry "COL"]

1. e4 d5 2. exd5 Qxd5 3. Nc3 Qa5 4. d4 c6 5. Nf3 Nf6 6. Bd3 Bg4 7. 0-0 e6 8. Ne4 Nbd7 9. c4 Nxe4 10. Bxe4 Rd8 11. Bc2 Qh5 12. b3 Bd6 13. h3 Bxh3 14. Ng5 Bg4 15. f3 Bg3 16. Re1 Qh2+ 17. Kf1 Qh1+ 18. Ke2 Qxg2+ 19. Kd3 Bxe1 20. Qxe1 Bxf3 21. Nxe6 Qg6+ 0-1

[Event "COL-chT (Women)"]
[Site "Cartagena"]
[Date "2019.11.24"]
[Round "2.3"]
[White "Pulido, Diana Marcela"]
[Black "Herrera, Milena"]
[Result "0-1"]
[WhiteElo "1936"]
[BlackElo "2038"]
[PlyCount "63"]
[EventDate "2019.11.24"]
[EventType "team-swiss"]
[EventRounds "7"]
[EventCountry "COL"]
[SourceTitle "CBM 193 Extra"]
[Source "ChessBase"]
[SourceDate "2020.01.31"]
[SourceVersion "1"]
[SourceVersionDate "2020.01.31"]
[SourceQuality "1"]
[WhiteTeam "Cundinamarca (W)"]
[BlackTeam "Antioquia (W)"]
[WhiteTeamCountry "COL"]
[BlackTeamCountry "COL"]

1. e4 c5 2. Nc3 a6 3. g3 b5 4. Bg2 Bb7 5. Nge2 e6 6. 0-0 Nf6 7. d3 d6 8. h3 Nc6 9. f4 b4 10. Na4 e5 11. g4 Qc7 12. Be3 Nd7 13. Ng3 exf4 14. Bxf4 g6 15. c3 Bg7 16. Qb3 0-0 17. cxb4 Nxb4 18. Rac1 Nc6 19. Kh1 Be5 20. Ne2 Rab8 21. Bh6 Bg7 22. Bxg7 Kxg7 23. Nf4 Qa5 24. Nd5 Nd4 25. Qd1 Bxd5 26. exd5 Ne5 27. b3 f5 28. g5 f4 29. Be4 Qd8 30. h4 Qd7 31. Rf2 f3 32. Kh2 0-1

[Event "COL pre olympic sf3"]
[Site "Dosquebradas"]
[Date "2018.06.02"]
[Round "6"]
[White "Zuluaga, Nicolas"]
[Black "Pulido, Diana Marcela"]
[Result "1-0"]
[WhiteElo "1715"]
[BlackElo "2016"]
[PlyCount "83"]
[EventDate "2018.05.30"]
[EventType "swiss"]
[EventRounds "10"]
[EventCountry "COL"]
[SourceTitle "CBM 184 Extra"]
[Source "ChessBase"]
[SourceDate "2018.06.28"]
[SourceVersion "1"]
[SourceVersionDate "2018.06.28"]
[SourceQuality "1"]

1. d4 Nf6 2. c4 g6 3. Nc3 Bg7 4. Nf3 0-0 5. g3 d5 6. cxd5 Nxd5 7. Nxd5 Qxd5 8. Bg2 Nc6 9. e3 Rd8 10. 0-0 e5 11. Nxe5 Qb5 12. Nxc6 bxc6 13. Qc2 Bb7 14. Bd2 Rab8 15. Rfd1 c5 16. Qxc5 Qxc5 17. dxc5 Bxg2 18. Kxg2 Bxb2 19. Rab1 Ba3 20. Ba5 Bxc5 21. Rxb8 Rxb8 22. Bxc7 Rb7 23. Be5 f5 24. Rc1 Bb6 25. Rb1 Rd7 26. a3 Rd3 27. a4 Ra3 28. Rb4 Ra2 29. Kf3 g5 30. Bd4 Kf7 31. Bxb6 axb6 32. h3 Kg7 33. g4 fxg4+ 34. Rxg4 Kf7 35. h4 h6 36. hxg5 hxg5 37. Rb4 Kg7 38. e4 Kf7 39. Kg3 Ke7 40. f3 Ra3 41. Kg4 Kd7 42. Rxb6 1-0

[Event "COL pre olympic sf3"]
[Site "Dosquebradas"]
[Date "2018.06.01"]
[Round "5"]
[White "Pulido, Diana Marcela"]
[Black "Castaneda Jimenez, Jhon David"]
[Result "0-1"]
[WhiteElo "2016"]
[BlackElo "2196"]
[PlyCount "50"]
[EventDate "2018.05.30"]
[EventType "swiss"]
[EventRounds "10"]
[EventCountry "COL"]
[SourceTitle "CBM 184 Extra"]
[Source "ChessBase"]
[SourceDate "2018.06.28"]
[SourceVersion "1"]
[SourceVersionDate "2018.06.28"]
[SourceQuality "1"]

1. b3 d5 2. Bb2 Bg4 3. f4 c5 4. Nf3 Bxf3 5. exf3 a6 6. Be2 Nc6 7. 0-0 Qc7 8. g3 h5 9. Nc3 0-0-0 10. Kg2 h4 11. Na4 e6 12. d4 cxd4 13. Bxd4 Nxd4 14. Qxd4 Kb8 15. c3 Be7 16. b4 Nh6 17. b5 Nf5 18. Qf2 axb5 19. Bxb5 hxg3 20. hxg3 Bh4 21. gxh4 Nxh4+ 22. Kg3 Nf5+ 23. Kg2 Qxf4 24. Rh1 Ne3+ 25. Kg1 Qg5+ 0-1

[Event "COL-chT (Women)"]
[Site "Ibague"]
[Date "2017.07.20"]
[Round "4.2"]
[White "Morales Serrano, Katty Dayana"]
[Black "Pulido, Diana Marcela"]
[Result "0-1"]
[WhiteElo "1611"]
[BlackElo "2011"]
[PlyCount "44"]
[EventDate "2017.07.19"]
[EventType "team-swiss"]
[EventRounds "6"]
[EventCountry "COL"]
[SourceTitle "CBM 179 Extra"]
[Source "ChessBase"]
[SourceDate "2017.08.23"]
[SourceVersion "1"]
[SourceVersionDate "2017.08.23"]
[SourceQuality "1"]
[WhiteTeam "Guajira (W)"]
[BlackTeam "Cundinamarca (W)"]
[WhiteTeamCountry "COL"]
[BlackTeamCountry "COL"]

1. e4 e5 2. Nf3 Nc6 3. Bc4 Bc5 4. 0-0 d6 5. Nc3 Bg4 6. Be2 Nf6 7. d3 Qd7 8. Be3 Bb6 9. h3 Be6 10. a3 h6 11. b4 g5 12. Nh2 Nd4 13. Qd2 a6 14. a4 g4 15. Bxh6 Rg8 16. Bg5 Nh7 17. Bh4 g3 18. Ng4 Nxe2+ 19. Nxe2 Bxg4 20. hxg4 Qxg4 21. Nxg3 Qxh4 22. Nf5 Qh3 0-1

[Event "COL-ch (Women)"]
[Site "Quibdo"]
[Date "2015.11.12"]
[Round "5"]
[White "Franco Valencia, Angela Maria"]
[Black "Pulido, Diana Marcela"]
[Result "1-0"]
[WhiteElo "2223"]
[BlackElo "2006"]
[PlyCount "57"]
[EventDate "2015.11.10"]
[EventType "swiss"]
[EventRounds "9"]
[EventCountry "COL"]
[SourceTitle "CBM 169 Extra"]
[Source "ChessBase"]
[SourceDate "2015.12.18"]
[SourceVersion "1"]
[SourceVersionDate "2015.12.18"]
[SourceQuality "1"]

1. e4 e5 2. Nf3 d6 3. d4 Nd7 4. Bc4 c6 5. 0-0 Be7 6. dxe5 dxe5 7. Ng5 Bxg5 8. Qh5 g6 9. Qxg5 Qxg5 10. Bxg5 f6 11. Be3 g5 12. a4 Nb6 13. Bb3 Bg4 14. a5 Nd7 15. f3 Bh5 16. Rd1 a6 17. Na3 0-0-0 18. Be6 Nh6 19. Bb6 Rhe8 20. Bxd8 Rxe6 21. Bb6 g4 22. Kf2 gxf3 23. gxf3 f5 24. Nc4 fxe4 25. Nd6+ Kb8 26. Nxe4 Nxb6 27. axb6 Kc8 28. Rd6 Bf7 29. Rad1 1-0

[Event "COL-ch Universities (Women)"]
[Site "Bogota"]
[Date "2015.10.06"]
[Round "4"]
[White "Pulido, Diana Marcela"]
[Black "Chirivi Castiblanco, Angie Lizeth"]
[Result "1-0"]
[WhiteElo "2006"]
[BlackElo "2051"]
[PlyCount "69"]
[EventDate "2015.10.05"]
[EventType "swiss"]
[EventRounds "6"]
[EventCountry "COL"]
[SourceTitle "CBM 168 Extra"]
[Source "ChessBase"]
[SourceDate "2015.10.29"]
[SourceVersion "1"]
[SourceVersionDate "2015.10.29"]
[SourceQuality "1"]

1. e4 e5 2. Nf3 Nc6 3. Bc4 Bc5 4. Nc3 Nf6 5. d3 d6 6. Bg5 Be6 7. Nd5 h6 8. Nxf6+ gxf6 9. Bh4 Bxc4 10. dxc4 Qe7 11. c3 Qe6 12. Qd5 Rg8 13. b4 Bb6 14. Qxe6+ fxe6 15. c5 dxc5 16. b5 Ne7 17. Bxf6 Rxg2 18. Bxe5 Rg4 19. Nd2 0-0-0 20. Bf6 Re8 21. h3 Rg6 22. Bxe7 Rxe7 23. Nc4 Re8 24. a4 a6 25. bxa6 bxa6 26. a5 Ba7 27. Rb1 Rf6 28. Ke2 Ref8 29. Rhf1 h5 30. f3 Rg8 31. Rg1 Rff8 32. h4 c6 33. e5 Bb8 34. Ke3 Bc7 35. Rg5 1-0

[Event "COL-ch Universities (Women)"]
[Site "Bogota"]
[Date "2015.10.05"]
[Round "2"]
[White "Cespedes Galindo, Estefania"]
[Black "Pulido, Diana Marcela"]
[Result "0-1"]
[WhiteElo "1689"]
[BlackElo "2006"]
[PlyCount "56"]
[EventDate "2015.10.05"]
[EventType "swiss"]
[EventRounds "6"]
[EventCountry "COL"]
[SourceTitle "CBM 168 Extra"]
[Source "ChessBase"]
[SourceDate "2015.10.29"]
[SourceVersion "1"]
[SourceVersionDate "2015.10.29"]
[SourceQuality "1"]

1. d4 d5 2. Nf3 Nf6 3. Bg5 Bf5 4. Nbd2 h6 5. Bh4 Nbd7 6. e3 e6 7. Be2 Bd6 8. c4 c6 9. Bg3 Bxg3 10. hxg3 Qb6 11. Qb3 Qxb3 12. Nxb3 dxc4 13. Bxc4 Nb6 14. Ne5 Ne4 15. Bd3 Na4 16. g4 Bh7 17. Nc4 Nxf2 18. Kxf2 Bxd3 19. Nba5 0-0 20. Ne5 Ba6 21. b3 Nb6 22. Rh5 f6 23. Ng6 Rfe8 24. e4 Rad8 25. Ke3 Kf7 26. Nf4 e5 27. dxe5 Rxe5 28. Rc1 g5 0-1

[Event "Medellin Easter op"]
[Site "Medellin"]
[Date "2015.??.??"]
[Round "1"]
[White "Pulido, Diana Marcela"]
[Black "Escobar Medina, Andres F"]
[Result "0-1"]
[WhiteElo "1981"]
[BlackElo "2153"]
[PlyCount "46"]
[EventDate "2015.04.01"]
[EventType "swiss"]
[EventRounds "9"]
[EventCountry "COL"]
[SourceTitle "CBM 165 Extra"]
[Source "ChessBase"]
[SourceDate "2015.04.21"]
[SourceVersion "1"]
[SourceVersionDate "2015.04.21"]
[SourceQuality "1"]

1. e4 d6 2. Nc3 g6 3. Nge2 c5 4. g3 Bg7 5. Bg2 Nc6 6. d3 h5 7. Be3 h4 8. Qd2 Bg4 9. f3 h3 10. Bf1 Ne5 11. Kf2 Bxf3 12. Rg1 Nf6 13. Nf4 Nfg4+ 14. Ke1 Bxe4 15. Kd1 Nf3 16. Qe2 Nxg1 17. Bxg1 Bf5 18. Bxh3 Qd7 19. Bg2 Nxh2 20. Ke1 Ng4 21. Rb1 Bd4 22. Bxd4 cxd4 23. Ncd5 Kf8 0-1

[Event "Mosquera op (Women)"]
[Site "Mosquera"]
[Date "2014.10.30"]
[Round "1"]
[White "Martinez, Laura Natalia"]
[Black "Pulido, Diana Marcela"]
[Result "0-1"]
[WhiteElo "1693"]
[BlackElo "2012"]
[PlyCount "48"]
[EventDate "2014.10.30"]
[EventType "swiss"]
[EventRounds "9"]
[EventCountry "COL"]
[SourceTitle "EXT 2015"]
[Source "ChessBase"]
[SourceDate "2014.11.20"]
[SourceVersion "1"]
[SourceVersionDate "2014.11.20"]
[SourceQuality "1"]

1. c4 Nf6 2. Nc3 g6 3. g3 Bg7 4. Bg2 0-0 5. d4 d6 6. Nf3 Nbd7 7. 0-0 e5 8. dxe5 dxe5 9. e4 c6 10. Qe2 Qc7 11. Be3 Re8 12. Rac1 Ng4 13. Bd2 Nc5 14. b4 Ne6 15. h3 Nf6 16. Be3 h5 17. Rfd1 Bf8 18. b5 Bc5 19. Bxc5 Nxc5 20. Ng5 Ne6 21. Nxe6 Bxe6 22. Nd5 cxd5 23. cxd5 Qb6 24. dxe6 Rxe6 0-1

[Event "Bogota Students-ch (Women) 22th"]
[Site "Bogota"]
[Date "2013.11.03"]
[Round "2"]
[White "Pulido, Diana Marcela"]
[Black "Ortegon Villacorte, Linda Daniela"]
[Result "1-0"]
[WhiteElo "2009"]
[BlackElo "1868"]
[PlyCount "65"]
[EventDate "2013.11.03"]
[EventType "swiss"]
[EventRounds "6"]
[EventCountry "COL"]
[SourceTitle "EXT 2014"]
[Source "ChessBase"]
[SourceDate "2013.11.20"]
[SourceVersion "1"]
[SourceVersionDate "2013.11.20"]
[SourceQuality "1"]

1. e4 e6 2. d4 d5 3. exd5 exd5 4. Bd3 Bd6 5. Qf3 Ne7 6. Be3 Nbc6 7. c3 Be6 8. Ne2 Qd7 9. h3 0-0-0 10. Nd2 Bf5 11. Bb5 h6 12. Nf4 Bxf4 13. Bxf4 g5 14. Be3 Bg6 15. Qf6 Qe8 16. 0-0-0 Rd6 17. Qf3 f5 18. Nb3 f4 19. Bd2 Bh5 20. Qd3 Qf7 21. Nc5 Na5 22. Rde1 c6 23. Ba4 Kb8 24. Bc2 Nc4 25. Qf1 b6 26. Nd3 Bg6 27. Qe2 Nf5 28. Ne5 Qg7 29. Nxc4 dxc4 30. Qxc4 Bf7 31. Qb4 Rf6 32. Bxf5 Rxf5 33. Qd6+ 1-0

[Event "Pamplona IRT rap op (Women)"]
[Site "Pamplona"]
[Date "2012.11.10"]
[Round "5"]
[White "Pulido, Diana Marcela"]
[Black "Santos Morales, Natalia Andrea"]
[Result "1/2-1/2"]
[WhiteElo "2010"]
[BlackElo "2103"]
[PlyCount "157"]
[EventDate "2012.11.09"]
[EventType "swiss"]
[EventRounds "11"]
[EventCountry "COL"]
[SourceTitle "CBM 151 Extra"]
[Source "ChessBase"]
[SourceDate "2012.12.18"]
[SourceVersion "1"]
[SourceVersionDate "2012.12.18"]
[SourceQuality "1"]

1. e4 e5 2. Nf3 Nc6 3. Bc4 Bc5 4. c3 Nf6 5. d3 d6 6. Nbd2 Be6 7. Bb3 0-0 8. 0-0 d5 9. Re1 Ng4 10. Rf1 Qd7 11. Qe2 Rae8 12. exd5 Bxd5 13. Ne4 Bb6 14. Bxd5 Qxd5 15. h3 f5 16. hxg4 fxe4 17. dxe4 Qe6 18. g5 Ne7 19. Be3 Bxe3 20. fxe3 Ng6 21. Qb5 b6 22. Qd5 Kh8 23. Qxe6 Rxe6 24. Rad1 Re7 25. Rd5 Kg8 26. Rfd1 Kf7 27. Rd7 Ke6 28. Rxe7+ Nxe7 29. Nh4 Nc8 30. Nf5 g6 31. Ng3 Nd6 32. b3 Nf7 33. Rf1 Ke7 34. a4 Rd8 35. Rc1 Nxg5 36. Rc2 Rd1+ 37. Kf2 h5 38. Ke2 Rg1 39. Kf2 Rb1 40. b4 h4 41. Ne2 Nxe4+ 42. Kf3 Nf6 43. Nc1 Ra1 44. a5 bxa5 45. bxa5 Rxa5 46. Nb3 Rb5 47. Nd2 a5 48. Nc4 Rc5 49. Na3 g5 50. c4 g4+ 51. Kf2 Ne4+ 52. Ke2 h3 53. gxh3 gxh3 54. Kf3 Ng5+ 55. Kg4 Kf6 56. Rf2+ Kg6 57. Rf5 Ne4 58. Rf1 Nd2 59. Rc1 Nb3 60. Rh1 Nd2 61. Rc1 h2 62. Kg3 Rc6 63. Kxh2 Rb6 64. Kg2 Rb2 65. Kg3 Rb3 66. Nb5 Rxe3+ 67. Kf2 Re4 68. c5 c6 69. Na7 Nb3 70. Rg1+ Kf5 71. Nxc6 Nxc5 72. Nxa5 Nd3+ 73. Kf3 Rf4+ 74. Ke2 Rd4 75. Nc6 Nf4+ 76. Ke3 Rc4 77. Nxe5 Kxe5 78. Rg5+ Kf6 79. Ra5 1/2-1/2

[Event "Pamplona Sub zt 2.3 (Women)"]
[Site "Pamplona"]
[Date "2012.11.09"]
[Round "8"]
[White "Lizarazo, Doris Liliana"]
[Black "Pulido, Diana Marcela"]
[Result "0-1"]
[WhiteElo "1877"]
[BlackElo "2010"]
[PlyCount "76"]
[EventDate "2012.11.05"]
[EventType "swiss"]
[EventRounds "9"]
[EventCountry "COL"]
[SourceTitle "EXT 2013"]
[Source "ChessBase"]
[SourceDate "2012.11.22"]
[SourceVersion "1"]
[SourceVersionDate "2012.11.22"]
[SourceQuality "1"]

1. e4 e5 2. Nf3 Nc6 3. Bb5 a6 4. Bxc6 dxc6 5. d4 exd4 6. Qxd4 Qxd4 7. Nxd4 Bc5 8. Nb3 Bb6 9. Nc3 Bg4 10. Bg5 f6 11. Bf4 0-0-0 12. 0-0 Ne7 13. Na4 Ba7 14. Nac5 Ng6 15. Be3 Ne5 16. f3 Bh5 17. Bf2 Bf7 18. Rfd1 Nc4 19. Rxd8+ Rxd8 20. Nd3 Bxf2+ 21. Kxf2 a5 22. Re1 b6 23. Nbc1 a4 24. b3 Na3 25. Re2 Nb1 26. Re1 Nc3 27. bxa4 c5 28. Ne2 Nxa4 29. Ke3 b5 30. a3 c4 31. Nb4 c5 32. Nc6 Rd7 33. Rb1 Kb7 34. Na5+ Ka6 35. Nc6 Kb6 36. Ncd4 cxd4+ 37. Nxd4 Nc3 38. Rc1 Rxd4 0-1

[Event "Pamplona Sub zt 2.3 (Women)"]
[Site "Pamplona"]
[Date "2012.11.09"]
[Round "9"]
[White "Pulido, Diana Marcela"]
[Black "Perez, Laura"]
[Result "1-0"]
[WhiteElo "2010"]
[BlackElo "2042"]
[PlyCount "137"]
[EventDate "2012.11.05"]
[EventType "swiss"]
[EventRounds "9"]
[EventCountry "COL"]
[SourceTitle "EXT 2013"]
[Source "ChessBase"]
[SourceDate "2012.11.22"]
[SourceVersion "1"]
[SourceVersionDate "2012.11.22"]
[SourceQuality "1"]

1. e4 c5 2. Nc3 d6 3. g3 g6 4. Bg2 Bg7 5. d3 Nc6 6. Be3 e5 7. Qd2 Nge7 8. Nge2 Nd4 9. 0-0 Bh3 10. f4 Bxg2 11. Kxg2 h5 12. Rf2 Qd7 13. h3 f5 14. h4 0-0-0 15. Nd5 fxe4 16. dxe4 Nxd5 17. exd5 Nf5 18. fxe5 Nxe3+ 19. Qxe3 Bxe5 20. Raf1 Qg4 21. Rf7 Rhe8 22. Nf4 Bxf4 23. Qxf4 Re2+ 24. Rf2 Qxf4 25. gxf4 Re4 26. c3 Rd7 27. Rf6 Kc7 28. Rxg6 Rf7 29. Kg3 b5 30. Rg5 Re3+ 31. Kg2 Re4 32. Rxh5 Rexf4 33. Rxf4 Rxf4 34. Rh7+ Kb6 35. h5 Rf5 36. h6 Rxd5 37. Kf3 a5 38. Rh8 Rh5 39. Kg4 Rh2 40. h7 Kb7 41. Kg5 b4 42. Kg6 Rg2+ 43. Kf6 Rh2 44. Ke6 Rh6+ 45. Kd5 bxc3 46. bxc3 a4 47. a3 Ka7 48. Kc6 c4 49. Kb5 d5 50. Kxa4 Rh5 51. Kb4 Kb7 52. Kc5 Ka7 53. a4 Kb7 54. a5 Ka7 55. a6 Rh6 56. Kxd5 Rh5+ 57. Kxc4 Rh4+ 58. Kd5 Rh3 59. c4 Rh4 60. c5 Rh5+ 61. Kd6 Rh6+ 62. Kd7 Rh1 63. Ke6 Re1+ 64. Kf5 Rh1 65. c6 Rh5+ 66. Kg6 Rh1 67. c7 Rg1+ 68. Kf5 Rf1+ 69. Ke4 1-0

[Event "Pamplona Sub zt 2.3 (Women)"]
[Site "Pamplona"]
[Date "2012.11.06"]
[Round "3"]
[White "Baquero, Yuri Paola"]
[Black "Pulido, Diana Marcela"]
[Result "1/2-1/2"]
[WhiteElo "1780"]
[BlackElo "2010"]
[PlyCount "78"]
[EventDate "2012.11.05"]
[EventType "swiss"]
[EventRounds "9"]
[EventCountry "COL"]
[SourceTitle "EXT 2013"]
[Source "ChessBase"]
[SourceDate "2012.11.22"]
[SourceVersion "1"]
[SourceVersionDate "2012.11.22"]
[SourceQuality "1"]

1. d4 d5 2. Bg5 c6 3. e3 Qb6 4. Qc1 Bf5 5. Bd3 Bxd3 6. cxd3 e6 7. Nc3 Na6 8. a3 Ne7 9. Bxe7 Bxe7 10. Nf3 c5 11. 0-0 cxd4 12. exd4 0-0 13. Rb1 Rac8 14. Qe3 Nc7 15. Ne5 Rfd8 16. Rfc1 Ne8 17. h3 Bf6 18. f4 Nd6 19. g4 h6 20. b4 g5 21. f5 Rxc3 22. Rxc3 exf5 23. a4 a5 24. b5 Re8 25. Qf2 f4 26. Re1 Bg7 27. Kg2 Qd8 28. Nf3 Rxe1 29. Qxe1 h5 30. Rc5 hxg4 31. hxg4 Qd7 32. Nh2 Bxd4 33. Rxd5 Be3 34. Qc3 f6 35. Qxf6 Ne8 36. Rxg5+ Ng7 37. Nf3 b6 38. Rxg7+ Qxg7 39. Qxg7+ Kxg7 1/2-1/2